Television Christmas Trees Quiz Stats

Quiz Updated Dec 16, 2017

Challenge
Share
Tweet
Score 0/20 Timer 10:00
0 Plays Today
% Correct
Friends
96.6%
The Office
95.1%
Family Guy
93.5%
Rugrats
91.4%
Happy Days
89.2%
I Love Lucy
89.1%
How I Met Your Mother
82.8%
Full House
82.5%
The Brady Bunch
81.8%
Three's Company
78.9%
% Correct
The Nanny
78.7%
Doctor Who
78.2%
Glee
78.2%
The Jeffersons
76.4%
Family Ties
71.9%
It's Always Sunny in Philadelphia
60.1%
Gilmore Girls
49.9%
Bewitched
49.6%
The West Wing
42.4%
Grey's Anatomy
21.1%

You're not logged in!

Compare scores with friends on all Sporcle quizzes.
Sign Up with Email
OR
Log In

You Might Also Like...

Show Comments

Extras

Top Quizzes Today


Score Distribution

Your Account Isn't Verified!

In order to create a playlist on Sporcle, you need to verify the email address you used during registration. Go to your Sporcle Settings to finish the process.

Report this User

Report this user for behavior that violates our Community Guidelines.

Details: